000 01306nam a2200325 i 4500
001 768714001
003 CO-MdFUSB
005 20220810113149.0
007 ta
008 200303t1980 xxc |||| |||| 00| 0 eng d
020 _a0919532381
040 _aCO-MdFUSB
_bspa
_cCO-MdFUSB
_dCO-MdFUSBC
_erda
041 _aeng
082 _223
_a232
_bSM642
100 _aSmith, Paul B.
_eautor
245 _aJesus, by John.
_c/ Paul B. Smith
264 1 _aCanadá :
_bG.R. Welch,
_c[1980]
264 4 _c© 1980
300 _a135 páginas
_c; 21 cm
336 _2rdacontent
_atexto
_btxt
337 _2rdamedia
_asin mediación
_bn
338 _2rdacarrier
_avolumen
_bnc
505 _aEl creador. -- La criatura. -- El consejero. -- Satisfacción para el pecador. -- fuerza para el sufrimiento. -- Sustento para los hambrientos. -- Él aliena. -- Él emancipa. -- Él ilumina. -- En una granja. --En un funeral. -- En un festival. -- Él causa conflicto Él promete consuelo. -- Él da una comisión. -- El predicador. -- El cura. -- El prisionero. -- Su derecho público. -- Su papel profético Cristo. -- Su relación personal.
563 _aRústico
630 0 7 _aBiblia.
_pJuan
_xCrítica, interpretación, etc.
653 _aJesucristo
942 _cBK
945 _aJTF-925
999 _c65419
_d65419